তফসীরে মা' আরেফুল কোরআন / (Record no. 6147)
[ view plain ]
| 000 -LEADER | |
|---|---|
| fixed length control field | 00812nam a2200217 a 4500 |
| 001 - CONTROL NUMBER | |
| JCCL Control Number | 6147 |
| 003 - CONTROL NUMBER IDENTIFIER | |
| JCCL marc code | BD-JhCC |
| 005 - DATE AND TIME OF LATEST TRANSACTION | |
| control field | 20221013134022.0 |
| 008 - FIXED-LENGTH DATA ELEMENTS--GENERAL INFORMATION | |
| fixed length control field | 180114s1987 bg |||| |||| 00| 0 mul d |
| 035 ## - SYSTEM CONTROL NUMBER | |
| system control number | (BD-JhCC)6147 |
| 040 ## - CATALOGING SOURCE | |
| Original cataloging agency | BD-JhCC |
| Modifying agency | BD-JhCC |
| 041 ## - LANGUAGE CODE | |
| Language code of Book | mul |
| 082 ## - DEWEY DECIMAL CLASSIFICATION NUMBER | |
| Classification number | 297.1226 |
| Author mark and Year | SOF 1987 |
| 100 ## - MAIN ENTRY--PERSONAL NAME | |
| Personal name | শফী(রাহঃ), হযরত মাওলানা মুফতী মুহাম্মদ |
| 245 ## - TITLE STATEMENT | |
| Title | তফসীরে মা' আরেফুল কোরআন / |
| Statement of responsibility, etc | হযরত মাওলানা মুফতী মুহাম্মদ শফী(রাহঃ) |
| 260 ## - PUBLICATION, DISTRIBUTION, ETC. (IMPRINT) | |
| Place of publication, distribution, etc | ঢাকা : |
| Name of publisher, distributor, etc | ইসলামিক ফাউন্ডেশন বাংলাদেশ, |
| Date of publication, distribution, etc | 1987. |
| 300 ## - PHYSICAL DESCRIPTION | |
| Pagination | 722 p. : |
| Dimensions | 26 cm. |
| 650 ## - SUBJECT ADDED ENTRY--TOPICAL TERM | |
| Topical term or geographic name as entry element | Al - Quran |
| 942 ## - ADDED ENTRY ELEMENTS (KOHA) | |
| Source of classification or shelving scheme | Dewey Decimal Classification |
| Koha item type | Books |
| Koha issues (borrowed), all copies | 5 |
| Source of classification or shelving scheme | volume number | Damaged status | Not for loan | Home library | Current library | Shelving location | Date of accession | Cost, normal purchase price | Total Checkouts | Full call number | Barcode | Date last seen | Copy number | Koha item type | Date checked out |
|---|---|---|---|---|---|---|---|---|---|---|---|---|---|---|---|
| Dewey Decimal Classification | V - 3 | JCC Rouf Library | JCC Rouf Library | General Stacks | 01/14/2018 | 150.00 | 297.1226 SOF 1987 | 466 | 01/14/2018 | C - 1 | Books | ||||
| Dewey Decimal Classification | V - 4 | JCC Rouf Library | JCC Rouf Library | General Stacks | 290.00 | 1 | 297.1226 SOF 1987 | 467 | 11/24/2021 | C - 3 | Books | 09/26/2021 | |||
| Dewey Decimal Classification | V - 6 | JCC Rouf Library | JCC Rouf Library | General Stacks | 150.00 | 297.1226 SOF 1987 | 465 | 01/14/2018 | C - 4 | Books | |||||
| Dewey Decimal Classification | V - 8 | JCC Rouf Library | JCC Rouf Library | General Stacks | 297.1226 SOF 1987 | 708 | 01/16/2018 | C - 6 | Books | ||||||
| Dewey Decimal Classification | V-2 | JCC Rouf Library | JCC Rouf Library | General Stacks | 01/22/2018 | 195.00 | 1 | 297.1226 SOF 1987 | 471 | 09/26/2021 | C-7 | Books | 09/26/2021 | ||
| Dewey Decimal Classification | v-5 | JCC Rouf Library | JCC Rouf Library | General Stacks | 02/17/2018 | 145.00 | 1 | 297.1226 SOF 1987 | 472 | 03/29/2022 | C-8 | Books | 02/24/2022 | ||
| Dewey Decimal Classification | V-7 | JCC Rouf Library | JCC Rouf Library | General Stacks | 02/17/2018 | 160.00 | 1 | 297.1226 SOF 1987 | 473 | 12/18/2022 | C-9 | Books | 10/13/2022 |